Počítačová podpora návrhu a výroby tvarovo zložitej súčiastky
Uložené v:
| Hlavný autor: | |
|---|---|
| Ďalší autori: | |
| Médium: | Rukopis Kniha |
| Jazyk: | Slovak |
| Vydavateľské údaje: |
2025
|
| Predmet: | |
| On-line prístup: | http://is.stuba.sk/zp/portal_zp.pl?podrobnosti=179626 |
| Tagy: |
Žiadne tagy, Buďte prvý, kto otaguje tento záznam!
|
MARC
| LEADER | 00000ntm a22000003a 4500 | ||
|---|---|---|---|
| 001 | stuzp104314 | ||
| 003 | SK-STU | ||
| 005 | 20250628211431.6 | ||
| 007 | ta | ||
| 008 | 150427s2015----xo-----f-mn---000-0-slo-d | ||
| 040 | |a STU |b slo | ||
| 041 | 0 | |a slo | |
| 100 | 1 | |a Zahradník, Ján |u 063000 |4 aut |U MTF Materiálovotechnologická fakulta |T MTF Ústav výrobných technológií |X 123252 |U M3000 |Y 83 |7 123252 | |
| 242 | 0 | 1 | |a Computer support for the design and production of a complex part |y eng |
| 245 | 1 | 0 | |a Počítačová podpora návrhu a výroby tvarovo zložitej súčiastky |
| 260 | |c 2025 | ||
| 650 | 4 | |a CAD |2 slo | |
| 650 | 4 | |a CAM |2 slo | |
| 650 | 4 | |a Fusion 360 |2 slo | |
| 650 | 4 | |a Ozubená remenica |2 slo | |
| 650 | 4 | |a podávacia zostava |2 slo | |
| 650 | 4 | |a CAD |2 eng | |
| 650 | 4 | |a CAM |2 eng | |
| 650 | 4 | |a Fusion 360 |2 eng | |
| 650 | 4 | |a toothed pulley |2 eng | |
| 650 | 4 | |a feeding assembly |2 eng | |
| 700 | 1 | |a Peterka, Jozef |u 063200 |k Z1 |4 ths |U MTF Ústav výrobných technológií |T MTF Katedra obrábania a počítačovej podpory technológií |X 278 |U M3200 |Y 164 |7 A000000278 | |
| 856 | 4 | |u http://is.stuba.sk/zp/portal_zp.pl?podrobnosti=179626 | |
| 996 | |c M* BP-10054 |l MMSKP |s P |a 0 |w stuzp104314_0001 | ||